| 000 | 01452nam a22002897a 4500 | ||
|---|---|---|---|
| 001 | 8129 | ||
| 003 | FISKH | ||
| 005 | 20251211114924.0 | ||
| 008 | 250827b cb ||||| |||| 00| 0 eng d | ||
| 020 | _a9789995000936 | ||
| 040 |
_aFISKH _bkhr _cFISKH _dFISKH |
||
| 050 | _aPZ7 | ||
| 082 | _a398.2 | ||
| 100 | _aKimsrun, In | ||
| 245 |
_aកម្រងរឿងនិទានអប់រំ ៣ / _cកែសម្រួលដោយ លោក អុិន គឹមស្រ៊ុន និង អ្នកស្រី ងួន សាកល , រៀបរៀងដោយ លោក អ៊ុំ បុប្ផា និង លោក សេង តុងបុត្តា |
||
| 250 | _aបោះពុម្ពលើកទី១ឆ្នាំ២០០៩ | ||
| 260 |
_aភ្នំពេញ : _bគ្រឹះស្ថានបោះពុម្ពនិងចែកផ្សាយ , _c2009 . |
||
| 300 |
_a16 pages : _bcolor illustrations ; _c16 X18 cm . |
||
| 505 | _aK | ||
| 520 | _aការស្វែងរកកំណប់ , អ្នកនេសាទនិងមន្រ្តីលោភលន់ , បំណុលនិងការកាត់ក្តី និង ពពែចេះប្រែរូប ។ | ||
| 521 | 8 |
_a510
_bLexile estimate |
|
| 521 | 8 |
_aK
_bRaz-Plus |
|
| 700 |
_aSatya, Em _eIllustrator |
||
| 700 |
_aCheat, Ton _eIllustrator |
||
| 942 |
_2ddc _cKHB _n0 |
||
| 999 |
_c8129 _d8129 |
||